20 Largest Telecommunications in the World - Statistics

General Stats
  • This quiz has been taken 10 times
  • The average score is 4 of 20
Answer Stats
Rank Answer % Correct
5. Deutsche Telekom
90%
3. AT&T
80%
2. Verizon
70%
13. América Móvil
30%
11. Vodafone
30%
6. Nippon Telegraph and Telephone
20%
12. Orange
20%
9. Charter Communications
10%
1. China Mobile
10%
7. China Telecom
10%
4. Comcast
10%
19. KT Corporation
10%
8. SoftBank
10%
15. Telefónica
10%
20. BCE
0%
18. Bharti Airtel
0%
16. BT Group
0%
17. China Communications Services
0%
10. China Unicom
0%
14. KDDI
0%
No matching quizzes found
Score Distribution
Percent of People with Each Score
Percentile by Number Answered
Your Score History
You have not taken this quiz